00797nam a2200217Ii 45000010005000000030009000050080041000140400033000550410008000880820018000961000037001142450075001512640055002263000012002813360026002933370028003193380027003479400050003749990017004249520138004419042CO-ViMGA241108s9999||||xx |||||||||||||| ||und|| aCO-ViMGAbspaerdacCO-ViMGA0 aspa04a291.177 V144c1 aCarlos Valderrama Andrade94551910aUn capitulo de las relaciones entre el estado y la iglesia en colombia 1aBogotá, Colombia : Instituto Caro y Cuervo, 1986 avolumen atextbtxt2rdacontent aunmediatedbn2rdamedia avolumebnc2rdacarrier aidficha_siabuc: 8841. -- ficha_no_siabuc:9042 c40043d40043 001040708001aMEVIGERRbMEVIGERRcGENd2006-11-27o291.177 V144cpECA9474r2024-11-25 15:07:35tEj.1w2024-11-25yBKz8841 | 12318